| 000 | 00744nac a22001931u 4500 | ||
|---|---|---|---|
| 008 | 100908t xxu||||| |||| 00| 0 eng d | ||
| 010 | _a88029770 | ||
| 020 | _a8122411312 | ||
| 082 | 0 | 0 |
_a620.106 _bGAR |
| 100 |
_aGarde, R. J. _918776 |
||
| 245 | 1 | 0 |
_aFluid Mechanics through Problems / _cR.J. Garde. |
| 250 | _a2nd ed. | ||
| 260 |
_aNew Delhi : _bNew Age International, _c2002. |
||
| 300 |
_a632 p. : _bill. ; _c25 cm. |
||
| 500 | _aIncludes index | ||
| 650 | 0 |
_aFluid mechanics _xProblems, exercises, etc. _918777 |
|
| 942 |
_cBB _k620.106GAR _2ddc |
||
| 999 |
_c816 _d816 |
||